Para leer la Biblia

Guardat en:
Dades bibliogràfiques
Autor principal: Charpentier, Etienne (Autor)
Format: Llibre
Idioma:espanyol
Publicat: Pamplona Verbo Divino 1984
Edició:6a. ed
Col·lecció:Cuadernos Bíblicos, 1
Matèries:
Etiquetes: Afegir etiqueta
Sense etiquetes, Sigues el primer a etiquetar aquest registre!

MARC

LEADER 00000nam a2200000 a 4500
001 UCL7693
003 CL-VaPUC
008 040528e19840000SP |||||||||||||||||spa|d
020 |a 8471511010 
082 0 4 |a 220.6  |b CHA  |2 21 
100 0 |a Charpentier, Etienne  |e author  |9 485550 
245 1 0 |a Para leer la Biblia 
250 |a 6a. ed 
300 |a 66 p 
942 |c BK 
945 |d 20040528 00:00:00  |a cmena 
260 |a Pamplona  |b Verbo Divino  |c 1984 
650 0 |a Textos sagrados   |9 257605 
650 0 |a Biblia  |9 257603 
583 |a last modification  |c 20130402 08:29:17  |k Rodrigo Vera 
490 0 |a Cuadernos Bíblicos, 1 
999 |c 309317  |d 309315 
952 |0 0  |1 0  |4 0  |6 220_600000000000000_CHA_1984  |7 0  |8 A  |9 376740  |a BIBTEO  |b BIBTEO  |d 2019-11-21  |i 2116774  |o 220.6 CHA 1984  |p 2116774  |r 2025-01-17  |w 2019-11-21  |y BK  |k ICR